Normal view
MARC view
- Chowdhury, Alimuzzaman
Entry Personal Name
001 - CONTROL NUMBER
- control field: 5598
003 - CONTROL NUMBER IDENTIFIER
- control field: OSt
005 - DATE AND TIME OF LATEST TRANSACTION
- control field: 20231127023418.0
008 - FIXED-LENGTH DATA ELEMENTS
- fixed length control field: 231127|| aca||aabn | a|a d
040 ## - CATALOGING SOURCE
- Original cataloging agency: OSt
- Transcribing agency: OSt
100 ## - HEADING--PERSONAL NAME
- Personal name: Chowdhury, Alimuzzaman
670 ## - SOURCE DATA FOUND
- Source citation: Work cat.: (OSt): Chowdhury, Alimuzzaman, The Family Courts Ordinance, 1985/, c1986
